000 00936nam a2200277Ia 4500
003 OSt
005 20221005102949.0
006 a|||||r|||| 00| 0
007 ta
008 221004b |||||||| |||| 00| 0 hin d
020 _cIndian Rupees 2.75
024 _a38955
037 _bGift, 30/08/2018,
_cTextual
040 _aCRL
_cCRL
_bhin
041 _2hin
_ahin
082 _aO152,1NNA:g, K3
100 _aनागार्जुन, ले.
245 0 _aएक व्यक्ति
_b एक युग
246 _aEk vyakti: ek yuga
260 _aइलाहाबाद
_bपरिमल प्रकाशन भारत
_c1963
300 _a115पृ0
_ccm.
650 _a हिन्दी साहित्य
650 _aहिन्दी कविता
942 _hO152,1NNA:g, K3
_cTEXL
_2cc
999 _c1009177
_d1009177